| 000 | 01775cam a2200397 a 4500 | ||
|---|---|---|---|
| 001 | 15926174 | ||
| 003 | EG-ScBUE | ||
| 005 | 20220214103108.0 | ||
| 008 | 090929s2009 nyu f 000 f eng d | ||
| 020 | _a0143117793 (pbk.) | ||
| 020 | _a9780143117797 (pbk.) | ||
| 035 | _a(OCoLC)ocn444115353 | ||
| 040 |
_aDLC _beng _erda _cDLC _dYDXCP _dC#P _dBWX _dCDX _dT7B _dPZT _dDLC _dEG-ScBUE |
||
| 043 | _ae-uk-en | ||
| 082 | 0 | 4 |
_a823.92 _222 _bFOU |
| 100 | 1 |
_aFoulds, Adam, _d1974- _eauthor. _925441 |
|
| 245 | 1 | 4 |
_aThe quickening maze / _cAdam Foulds. |
| 264 | 1 |
_aNew York : _bPenguin Books, _c2009. |
|
| 300 |
_a258 pages ; _c20 cm |
||
| 336 |
_2rdacontent _atext _btxt |
||
| 337 |
_2rdamedia _aunmediated _bn |
||
| 338 |
_2rdacarrier _avolume _bnc |
||
| 500 | _aFirst published: London : Jonathan Cape, 2009. | ||
| 520 | _aBased on real events--tells the deeply moving story of the great nature poet John Clare and his fall into madness. | ||
| 586 | _aFinalist for the Man Booker Prize, 2009 | ||
| 600 | 1 | 7 |
_aClare, John, _d1793-1864 _xMental health _vFiction. _2BUEsh _925442 |
| 600 | 1 | 7 |
_aTennyson, Alfred Tennyson, _cBaron, _d1809-1892 _vFiction. _2BUEsh _925443 |
| 650 | 7 |
_aPoets, English _y19th century _xMental health _vFiction. _925444 _2BUEsh |
|
| 650 | 7 |
_aPsychiatric hospitals _zEngland _zLondon _xHistory _y19th century _vFiction. _925445 _2BUEsh |
|
| 650 | 7 |
_aMentally ill _xCommitment and detention _zEngland _zLondon _xHistory _y19th century _vFiction. _925446 _2BUEsh |
|
| 651 | 7 |
_aLondon (England) _xSocial conditions _y19th century _vFiction. _925447 _2BUEsh |
|
| 653 |
_cJune2011 _bHHUUEENN |
||
| 655 | 7 |
_aHistorical fiction. _2gsafd _vReading book |
|
| 942 |
_2ddc _cBB |
||
| 999 |
_c15615 _d15615 |
||